Länder, die an Kroatien grenzen - Statistiken

Allgemein
  • Dieses Quiz wurde 3.273 mal gespielt
  • Das Durchschnittsergebnis liegt bei 5 aus 5
Antwortstatistiken
Länge (km) Land % Korrekt
1'009 Bosnien und Herzegowina
98%
668 Slowenien
98%
318 Serbien
96%
356 Ungarn
87%
23 Montenegro
86%
Keine übereinstimmenden Quizze gefunden
Verteilung der Resultate
Anzahl Personen mit jedem Resultat
Perzentil nach korrekt beantworteten Fragen
Ihre Resultats-Entwicklung
Sie haben dieses Quiz noch nicht gespielt